000 00432nam a2200157Ia 4500
008 230917s9999||||xx |||||||||||||| ||und||
040 _e214883
_aMAIN
041 _aEnglish
082 _a587 R183I(2)
100 _aRashid, A
245 0 _aIntroduction to pteridophyta: Diversity, development, differentiation
250 _a2nd. rev. ed.
260 _aNoida
_bVikas Publishing House
_c1986
300 _axi, 283 p.
942 _cBK
999 _c179294
_d179294